| 000 | 00402nam a22001697a 4500 | ||
|---|---|---|---|
| 999 |
_c11837 _d11837 |
||
| 003 | OSt | ||
| 008 | 230228b ||||| |||| 00| 0 eng d | ||
| 020 | _a9788131774489 | ||
| 082 | _a658.8342 KUC | ||
| 100 | _aRAMESH KUMAR,S | ||
| 245 | _aCase Studies in Consumer Behaviour | ||
| 250 | _a1st IMP | ||
| 260 |
_aUP _bPearson _c2013 |
||
| 300 | _a270 | ||
| 650 | _aConsumer Behaviour | ||
| 942 |
_2ddc _cBK |
||